Sudden Death- of Disease - Statistics

General Stats
  • This quiz has been taken 300 times
  • The average score is 5 of 10
Answers on the Grid
Answers color-coded by a green-red scale on the quiz's grid according to % correct below.
Vaseline
Smallpox
Mad cow
Lagos
Brown dog
Covid-19
Bubonic
Duocrimean
Hepatitis A
Legume
John cena disease
Hepatitis C
Bartholomis
Da Vinci disease
Caseohuenza
Reculfitis A
Hepatitis B
Yamoliforms
Vatican fever
Rabies
Jeppy's disease
Bolititis
yappachino
Peacock's wing fever
Influenza
Malaria
Reculfitis B
Regorgia
Yellow fever
Blucofenia
 
Answer Stats
Answer % Correct
Covid-19
84%
Smallpox
78%
Mad cow
66%
Hepatitis A
62%
Bubonic
54%
Malaria
40%
Hepatitis B
38%
Rabies
37%
Influenza
34%
Yellow fever
34%
No matching quizzes found
Score Distribution
Percent of People with Each Score
Percentile by Number Answered
Your Score History
You have not taken this quiz